000 00818nam a22002297a 4500
005 20150604131146.0
008 150604b mx||||| |||| 00| 0 spa d
020 _a9786070914485
050 0 4 _aHD6060.5.M49
_bM46 2013
100 1 _aMendizábal Bermúdez, Gabriela
245 1 3 _aEl acoso laboral y la seguridad social /
_cGabriela Mendizábal Bermúdez ; colaboración de Zoraida García Carreño ; prólogo Ángel Guillermo Ruiz Moreno.
250 _a1a ed.
260 _aMéxico :
_bPorrúa,
_c2013
300 _axix, 203 p.
504 _aBibliografía : p. 189 - 195
504 _aIncluye índice
650 7 _2Lemb
_aAcoso sexual
_zMéxico
650 7 _2Lemb
_aSeguridad social
_zMéxico
700 1 _aGarcía Carreño, Zoraida, col.
700 1 _4Ruiz Moreno, Ángel Guillermo, pról.
942 _2lcc
_cLIB
999 _c94614
_d94614